| 000 | 00969naa a2200277 c 4500 | ||
|---|---|---|---|
| 001 | 43300 | ||
| 003 | ES-MaCES | ||
| 005 | 20150724120108.0 | ||
| 008 | 120927n2012 fr t 000 | fre d | ||
| 035 | _aCES20120009111v | ||
| 040 |
_aES-MaCES _bspa _cES-MaCES |
||
| 245 | 0 | 0 |
_aMobilité et accès à l'emploi, une expérimentation _cLoïc du Parquet ... [et al.] |
| 504 | _aBibliografía. p. 56 | ||
| 650 | 4 |
_aFrancia _926943 |
|
| 650 | 4 |
_aoportunidades de empleo _927182 |
|
| 650 | 4 |
_avehículo _928047 |
|
| 650 | 4 |
_amovilidad de la mano de obra _928354 |
|
| 650 | 4 |
_acontratación _928323 |
|
| 653 | 1 | 0 | _aRelaciones laborales-Empleo |
| 650 | 4 |
_928300 _apolítica de empleo |
|
| 700 | 1 |
_aParquet, Loïc du _920405 |
|
| 773 | 0 |
_tRevue française d'économie _gvol. 26, nº 4 (avril 2012){10202 R. 081574}; p. 33-56 _w(ES-MaCES)25218 _943427 |
|
| 902 | _aART Artículo de revista | ||
| 942 |
_2CES _cAR _h2.0. |
||
| 999 |
_c43300 _d43300 |
||